Modern maritime law. (Record no. 3084)
[ view plain ]
| 000 -LEADER | |
|---|---|
| fixed length control field | 02293cam a2200469Ma 4500 |
| 006 - FIXED-LENGTH DATA ELEMENTS--ADDITIONAL MATERIAL CHARACTERISTICS--GENERAL INFORMATION | |
| fixed length control field | m o d |
| 007 - PHYSICAL DESCRIPTION FIXED FIELD--GENERAL INFORMATION | |
| fixed length control field | cr |n||||||||| |
| 008 - FIXED-LENGTH DATA ELEMENTS--GENERAL INFORMATION | |
| fixed length control field | 140519s2013 enk o 000 0 eng d |
| 040 ## - CATALOGING SOURCE | |
| Original cataloging agency | IMU Kochi Library |
| Language of cataloging | eng |
| 040 ## - CATALOGING SOURCE | |
| Original cataloging agency | |
| Language of cataloging | eng |
| Description conventions | pn |
| 020 ## - INTERNATIONAL STANDARD BOOK NUMBER | |
| International Standard Book Number | 041583516X |
| Qualifying information | (Cloth) |
| 020 ## - INTERNATIONAL STANDARD BOOK NUMBER | |
| International Standard Book Number | 9780415835169 |
| Qualifying information | (Cloth) |
| 020 ## - INTERNATIONAL STANDARD BOOK NUMBER | |
| International Standard Book Number | 1134588097 |
| Qualifying information | (electronic bk.) |
| 020 ## - INTERNATIONAL STANDARD BOOK NUMBER | |
| International Standard Book Number | 9781134588091 |
| Qualifying information | (electronic bk.) |
| 020 ## - INTERNATIONAL STANDARD BOOK NUMBER | |
| International Standard Book Number | 9781306218337 |
| Qualifying information | (MyiLibrary) |
| 020 ## - INTERNATIONAL STANDARD BOOK NUMBER | |
| International Standard Book Number | 1306218330 |
| Qualifying information | (MyiLibrary) |
| 041 0# - LANGUAGE CODE | |
| Language code of text/sound track or separate title | eng |
| 082 04 - DEWEY DECIMAL CLASSIFICATION NUMBER | |
| Classification number | 343.4 |
| Item number | 23 |
| 082 04 - DEWEY DECIMAL CLASSIFICATION NUMBER | |
| Classification number | 343.4109/6 |
| Edition number | 23 |
| 100 1# - MAIN ENTRY--PERSONAL NAME | |
| Personal name | Mandaraka-Sheppard, Alexandra, |
| Dates associated with a name | 1949- |
| 240 10 - UNIFORM TITLE | |
| Uniform title | <a href="Modern maritime law and risk management">Modern maritime law and risk management</a> |
| 245 10 - TITLE STATEMENT | |
| Title | Modern maritime law. |
| Number of part/section of a work | Volume 1, |
| Name of part/section of a work | Risks and jurisdiction / |
| 250 ## - EDITION STATEMENT | |
| Edition statement | Third edition. |
| 260 ## - PUBLICATION, DISTRIBUTION, ETC. (IMPRINT) | |
| Place of publication, distribution, etc | Abingdon, Oxon [England] : |
| Name of publisher, distributor, etc | Informa Law from Routledge, |
| Date of publication, distribution, etc | 2013. |
| 300 ## - PHYSICAL DESCRIPTION | |
| Extent | 1 online resource (1 online resource (2 volumes)). |
| 490 0# - SERIES STATEMENT | |
| Series statement | Maritime and transport law library |
| 520 ## - SUMMARY, ETC. | |
| Summary, etc | "This unique title examines in depth issues of jurisdiction, maritime law and practice from a modern perspective and highlights the importance of risk management with a view to avoiding pitfalls in litigation or arbitration and minimising exposure to liabilities. The first volume tackles a wealth of complex jurisdictional aspects, ranging from the enforcement of maritime claims to a detailed analysis of the conditions of arrest of ships, including reconsideration of wrongful arrest, beneficial ownership, forum non-convenience and limitations upon the jurisdiction of the English courts. |
| 650 #0 - SUBJECT ADDED ENTRY--TOPICAL TERM | |
| Topical term or geographic name as entry element | Admiralty |
| Geographic subdivision | Great Britain. |
| 650 #0 - SUBJECT ADDED ENTRY--TOPICAL TERM | |
| Topical term or geographic name as entry element | Risk management |
| Geographic subdivision | Great Britain. |
| 856 40 - ELECTRONIC LOCATION AND ACCESS | |
| Uniform Resource Identifier | <a href="https://www.taylorfrancis.com/books/9781315887050">https://www.taylorfrancis.com/books/9781315887050</a> |
| 856 42 - ELECTRONIC LOCATION AND ACCESS | |
| Uniform Resource Identifier | <a href="http://www.oclc.org/content/dam/oclc/forms/terms/vbrl-201703.pdf">http://www.oclc.org/content/dam/oclc/forms/terms/vbrl-201703.pdf</a> |
| 904 ## - LOCAL DATA ELEMENT D, LDD (RLIN) | |
| CATALOGER | Rudra Ranjan |
| 905 ## - LOCAL DATA ELEMENT E, LDE (RLIN) | |
| VERIFIER | Rudra Ranjan |
| 942 ## - ADDED ENTRY ELEMENTS (KOHA) | |
| Item type | E-Book |
| 336 ## - | |
| -- | text |
| -- | txt |
| -- | rdacontent |
| 337 ## - | |
| -- | computer |
| -- | c |
| -- | rdamedia |
| 338 ## - | |
| -- | online resource |
| -- | cr |
| -- | rdacarrier |
| 588 ## - | |
| -- | OCLC-licensed vendor bibliographic record. |
No items available.